000 00245nam a2200121Ia 4500
100 _aCNC times/ Yamazaki mazak
942 _cBK
654 _aCNC
245 _aTraning on CNC Programming
260 _bnone
300 _a106
546 _aENGLISH
999 _c33483
_d33483